Geometry Dash - World Gauntlet Countries - Statistics

General Stats
  • This quiz has been taken 9 times
  • The average score is 7 of 15
Answer Stats
Gauntlet Level Answer % Correct
Galaxy Caput Mundi Italy
88%
World Nivel Spain
75%
World Down Unda Australia
63%
World Great White North Canada
63%
World Planet X United States
63%
World Frostburn Peak Chile
50%
Galaxy Koenigstein Germany
50%
Universe Ruta Del Sol Peru
50%
Universe Lutetia France
38%
Universe BISMARCK Russia
38%
Galaxy Fizzy Fossils United States
38%
Galaxy Xin Chao Vietnam
38%
Universe PABRIK Indonesia
25%
Universe Asadal South Korea
25%
Galaxy Xanadu Japan
13%
No matching quizzes found
Score Distribution
Percent of People with Each Score
Percentile by Number Answered
Your Score History
You have not taken this quiz